Sports Quiz

Random Sports or Auto Racing Quiz

Formula 1 2010 Quiz Stats

 Plays Quiz not verified by Sporcle

Challenge
Share
Tweet
Embed
Score 0/24 Timer 04:00
0 Plays Today
Team (Car No.) Driver % Correct
Vodafone McLaren Mercedes (2)Lewis Hamilton
98.9%
Red Bull Racing (6)Mark Webber
98.6%
Vodafone McLaren Mercedes (1)Jenson Button
98.4%
Red Bull Racing (5)Sebastian Vettel
98.4%
Scuderia Ferrari (7)Fernando Alonso
97.7%
Mercedes GP (3)Michael Schumacher
95.7%
Scuderia Ferrari (8)Felipe Massa
95.7%
Mercedes GP (4)Nico Rosberg
91.2%
Renault F1 (11)Robert Kubica
85.6%
AT&T Williams (9)Rubens Barrichello
84.7%
Force India F1 (14)Adrian Sutil
84.2%
Renault F1 (12)Vitaly Petrov
80.4%
Team (Car No.) Driver % Correct
Lotus F1 (18)Jarno Trulli
78.3%
Hispania F1 Racing Team (21)Bruno Senna
77.2%
AT&T Williams (10)Nico Hulkenberg
74.5%
Scuderia Toro Rosso (16)Sebastien Buemi
74.5%
Virgin Racing (24)Timo Glock
73.4%
Lotus F1 (19)Heikki Kovalainen
69.8%
Force India F1 (15)Vitantonio Liuzzi
68.6%
BMW-Sauber Ferrari (22)Kamui Kobayashi
67.7%
BMW-Sauber Ferrari (23)Pedro de la Rosa
62.8%
Scuderia Toro Rosso (17)Jaime Alguersuari
56.9%
Hispania F1 Racing Team (20)Karun Chandhok
56.9%
Virgin Racing (25)Lucas di Grassi
52.4%

You're not logged in!

Compare scores with friends on all Sporcle quizzes.
Join for Free
OR
Log In

You Might Also Like...

Show Comments

Extras

Top Quizzes Today


Score Distribution

Your Account Isn't Verified!

In order to create a playlist on Sporcle, you need to verify the email address you used during registration. Go to your Sporcle Settings to finish the process.

Report this User

Report this user for behavior that violates our Community Guidelines.

Details: